| 000 | 00974cam a22002891 4500 | ||
|---|---|---|---|
| 999 |
_c127764 _d127764 |
||
| 001 | 8984820 | ||
| 003 | ARRUPE | ||
| 005 | 20180323115130.0 | ||
| 008 | 730419s1972 fr 000 0 fre | ||
| 010 | _a 72347926 | ||
| 035 | _a(OCoLC)606965 | ||
| 040 |
_aDLC _cNhD _dDLC |
||
| 041 | 0 | _afreeng | |
| 042 | _apremarc | ||
| 050 | 0 | 0 |
_aBL2400 _b.R38 |
| 245 | 0 | 4 |
_aLes Religions africaines comme source de valeurs de civilisation. _cColloque organisé par la Société africaine de culture. _bColloque de Cotonou |
| 260 |
_aParis, _bPrésence africaine _c[1972] |
||
| 300 |
_a426p. _c22cm. |
||
| 490 | 0 | _aCulture et religion. | |
| 500 | _aAt head of title: Colloque de Cotonou, 16-22 août 1970. | ||
| 500 | _aFrench or English. | ||
| 504 | _aIncludes bibliographies. | ||
| 651 | 0 |
_aAfrica _xReligion. _940934 |
|
| 710 | 2 |
_aSociété africaine de culture. _940935 |
|
| 906 |
_a7 _bcbc _coclcrpl _du _encip _f19 _gy-gencatlg |
||
| 942 |
_2lcc _cMONOGRAPH |
||